[Event "ESP-chT CECLUB Div2"]
[Site "Linares"]
[Date "2018.08.17"]
[Round "5.7"]
[White "Gil Quilez, Sonia"]
[Black "Alvarez Cueva, Luis"]
[Result "1-0"]
[WhiteElo "2066"]
[BlackElo "1628"]
[PlyCount "123"]
[EventDate "2018.08.14"]
[EventType "team-swiss"]
[EventRounds "7"]
[EventCountry "ESP"]
[SourceTitle "CBM 186 Extra"]
[Source "ChessBase"]
[SourceDate "2018.08.24"]
[SourceVersion "1"]
[SourceVersionDate "2018.08.24"]
[SourceQuality "1"]
[WhiteTeam "Beniajan Duochess CAC II"]
[BlackTeam "Grupo 64"]
[WhiteTeamCountry "ESP"]
[BlackTeamCountry "ESP"]

1. d4 Nf6 2. c4 c5 3. d5 b5 4. cxb5 a6 5. b6 Qxb6 6. Nc3 g6 7. Nf3 d6 8. e4 Bg7 9. Be2 0-0 10. 0-0 a5 11. Qc2 Ba6 12. h3 Bxe2 13. Qxe2 a4 14. Qc2 Qa6 15. Rb1 Nbd7 16. Bg5 Rfb8 17. Rfe1 Nb6 18. Nd2 Nc4 19. Nd1 Nxd2 20. Bxd2 Nd7 21. Ne3 Nb6 22. Bc3 Bd4 23. Rbd1 Rc8 24. Ng4 h5 25. Nh2 Qc4 26. Nf3 Bxc3 27. bxc3 a3 28. Qd2 Kg7 29. e5 Na4 30. Re3 Nb2 31. Rde1 Qa6 32. Qc2 Qa4 33. Qe2 Qc4 34. exd6 Qxe2 35. R1xe2 exd6 36. Re7 Nc4 37. Ng5 Ne5 38. f4 Kf6 39. Rb7 Rcb8 40. Rxb8 Rxb8 41. Ne4+ Ke7 42. fxe5 dxe5 43. Kf2 f5 44. Nxc5 Kd6 45. Na6 Rc8 46. Nb4 Rxc3 47. Rc2 Rxc2+ 48. Nxc2 Kxd5 49. Nxa3 g5 50. Nc2 f4 51. a4 Kc4 52. Kf3 Kd3 53. Nb4+ Kd4 54. Nc6+ Kd5 55. Ne7+ Kd4 56. Nf5+ Kd5 57. a5 e4+ 58. Ke2 g4 59. h4 f3+ 60. gxf3 exf3+ 61. Kf2 Ke4 62. Ng3+ 1-0

[Event "ESP-chT CECLUB Div2"]
[Site "Linares"]
[Date "2018.08.16"]
[Round "4.6"]
[White "Villasenor Rubio, Emilio Jose"]
[Black "Gil Quilez, Sonia"]
[Result "1-0"]
[WhiteElo "2229"]
[BlackElo "2066"]
[PlyCount "89"]
[EventDate "2018.08.14"]
[EventType "team-swiss"]
[EventRounds "7"]
[EventCountry "ESP"]
[SourceTitle "CBM 186 Extra"]
[Source "ChessBase"]
[SourceDate "2018.08.24"]
[SourceVersion "1"]
[SourceVersionDate "2018.08.24"]
[SourceQuality "1"]
[WhiteTeam "Albacete Excalibur"]
[BlackTeam "Beniajan Duochess CAC II"]
[WhiteTeamCountry "ESP"]
[BlackTeamCountry "ESP"]

1. e4 c6 2. Nc3 d5 3. Nf3 Bg4 4. h3 Bxf3 5. Qxf3 e6 6. d3 Nd7 7. g3 Bb4 8. Bd2 d4 9. Nb1 Bxd2+ 10. Nxd2 Ngf6 11. Bg2 Qa5 12. Qe2 0-0 13. 0-0 e5 14. f4 Qc7 15. h4 b5 16. Bh3 c5 17. g4 exf4 18. g5 Ne8 19. Bxd7 Qxd7 20. Rxf4 Nd6 21. Raf1 Rae8 22. Qf2 Qe6 23. b3 Re7 24. Nf3 b4 25. Nh2 h5 26. Qg3 Qd7 27. R1f2 g6 28. Nf1 Ne8 29. Qf3 Re6 30. Ng3 Ng7 31. Kg2 Ra6 32. Rf6 Re6 33. Qf4 Ne8 34. e5 Qd5+ 35. Ne4 Rxe5 36. Rxg6+ Kh7 37. Rh6+ Kg8 38. Qf3 Re6 39. Qxh5 Rxh6 40. Qxh6 Qd7 41. Rf4 f5 42. gxf6 Rf7 43. Kg3 Qc7 44. Kf3 Rh7 45. Rg4+ 1-0

[Event "Xativa Murta op 4th"]
[Site "Xativa"]
[Date "2018.07.20"]
[Round "7"]
[White "Morant Gomar, Sergio"]
[Black "Gil Quilez, Sonia"]
[Result "0-1"]
[WhiteElo "1664"]
[BlackElo "2084"]
[PlyCount "54"]
[EventDate "2018.07.16"]
[EventType "swiss"]
[EventRounds "7"]
[EventCountry "ESP"]
[SourceTitle "CBM 185 Extra"]
[Source "ChessBase"]
[SourceDate "2018.07.29"]
[SourceVersion "1"]
[SourceVersionDate "2018.07.29"]
[SourceQuality "1"]

1. c4 c6 2. Nf3 d5 3. e3 Nf6 4. Nc3 e6 5. d4 Nbd7 6. c5 Qc7 7. b4 e5 8. dxe5 Nxe5 9. Be2 Be7 10. Bb2 0-0 11. Nxd5 Nxf3+ 12. Bxf3 Nxd5 13. a3 Be6 14. 0-0 a5 15. e4 Nf6 16. Rb1 Rfd8 17. Qe2 axb4 18. axb4 Ra2 19. Rfc1 Qf4 20. Rc2 Bb3 21. g3 Qh6 22. Bc1 Rxc2 23. Bxh6 Rxe2 24. Bxe2 Bc2 25. Ra1 gxh6 26. b5 Bxe4 27. g4 Bxc5 0-1